| 000 | 00000nam##2200000za#4500 |
| 001 | 9.641354 |
| 003 | CaOODSP |
| 005 | 20210624223153 |
| 007 | cr ||||||||||| |
| 008 | 150407|2011||||xxc|||||o f|0| 0 fre|d |
| 040 | |aCaOODSP|bfre |
| 043 | |an-cn--- |
| 086 | 1 |aPS108-3/2011F-PDF |
| 110 | 1 |aCanada. |bComité de surveillance des activités de renseignement de sécurité. |
| 245 | 13|aLe rôle du SCRS dans les entrevues de détenus Afghans |h[ressource électronique] |
| 260 | |aOttawa - Ontario : |bComité de surveillance des activités de renseignement de sécurité |c4 juillet 2011. |
| 300 | |a21p. |
| 500 | |a"Étude n° 2010-01 du CSARS" |
| 590 | |a13-03-Supp|b2013-02-11 |
| 691 | 07|aRenseignement de sécurité|2gcpds |
| 691 | 07|aTerrorisme|2gcpds |
| 775 | 08|tCSIS's role in interviewing Afghan detainees |w(CaOODSP)9.697294 |
| 856 | 40|ahttp://publications.gc.ca|qPDF|s861 Ko|uhttps://publications.gc.ca/collections/collection_2013/csars-sirc/PS108-3-2011-fra.pdf |
| 986 | |aDossier n° : 2800-153 (TD R502) |